000 00344nam a22001457a 4500
003 OSt
005 20220217151041.0
008 220217b |||||||| |||| 00| 0 eng d
020 _a97893884007072
040 _cH U
082 _a660.2
100 _aZaveri Vikas
_930780
245 _aA Textbook Of Chemical Engineering
942 _2ddc
_cBOOKS
_n0
999 _c30722
_d30722